• 首页
  • 本馆介绍
  • 公告通知
  • 最新文献
  • 馆藏检索
  • 电子资源
  • 读者导购
  • 参考咨询
  • 我的图书馆
  • 登录
  • 详细信息显示
  • 放入我的书架
  • 预约/预借图书
  • 作者相关作品
  • 分类相关作品
  • 丛书相关作品
  • 出版社相关作品

书目信息

  • 表格格式
  • 工作单格式
  • 卡片格式
题名:
地籍管理的原理与方法
    
 
作者: 谭峻 编著
分册:  
出版信息: 北京   中国人民大学出版社  2005.80
页数:
开本: 16开
丛书名:
单 册:
中图分类: P273
科图分类:
主题词: 地籍学
电子资源:
ISBN: 7-300-06615-1
000 00527nam0 2200181 450
001 0736196517
005 20070924100316.51
010    @a7-300-06615-1@d¥22.00
100    @a20070924d km y0chiy0120 ea
101 0  @achi
200 1  @a地籍管理的原理与方法@Adi ji guan li de yuan li yu fang fa@f谭峻 等编著@Ftan jun deng bian zhu
210    @a北京@c中国人民大学出版社@d2005.80
215    @d16开
606 0  @a地籍学
690    @aP273@v3
701  0 @a谭峻@Atan jun@4编著
801  0 @aCN@bPFT@c20070924
905    @a213230@dP273@eZY54@f1
    
    地籍管理的原理与方法/谭峻 等编著.-北京:中国人民大学出版社,2005.80
    16开
    
    
    ISBN 7-300-06615-1:¥22.00
    
●
相关链接 在E读中查询图书 在五车中查询图书 在当当中查询图书 在豆瓣中查询图书


正题名:地籍管理的原理与方法     索取号:P273/ZY54         预约/预借

序号 登录号 条形码 馆藏地/架位号 状态 备注
1 7902349   279023496   资源管理系资料室/ [索取号:P273/ZY54] 在馆    
唐山师范学院图书馆 欢迎您!
大连网信软件有限公司© 版权所有